| 000 | 00646nam a2200181 i 4500 | ||
|---|---|---|---|
| 001 | 43280 | ||
| 003 | ES-MaACL | ||
| 005 | 20250826063131.0 | ||
| 007 | t| | ||
| 008 | 030317s1935 sp ||||1| spa d | ||
| 100 | 1 |
_aCatalán, Miguel A., _d1894-1957 _937026 |
|
| 245 | 1 | 3 |
_aLa estructura de los espectros de los elementos de la serie del hierro en el sistema periódico / _cpor M.A. Catalán. |
| 260 |
_a[S.l. : _bs.n., _c1935] |
||
| 300 |
_a7 h. : _bil. ; _c22 cm. |
||
| 500 | _aEs separata de: Anales de la Sociedad Española de Física y Química. t, XXIII. p 395-408. | ||
| 852 |
_aES-MaACL _j1691-F-17 |
||
| 999 |
_c43280 _d43280 |
||